000 00865nam a22002777a 4500
003 CHAP
005 20220329140255.0
008 971013s1966 r 00010 d
010 _a49582
011 _a50554
035 _a54704
040 _cCHAP
090 _aFolleto 6980
100 0 0 _aTorres Juan, J.
_9114147
245 _aVentajas de la difusión en la conservación de maderas
260 _aMadrid :
_bInstituto Forestal de Investigación y Experiencias,
_c1966
300 _a11 p.
_b: gráfs.
590 _aBATCH-UPD
_b10
_c20130110
_lUCH01
_h2300
590 _aBATCH-UPD
_b10
_c20130410
_lUCH01
_h1553
590 _aBATCH-UPD
_b10
_c20130914
_lUCH01
_h1739
590 _aCONVERSION
_b10
_c20130109
_lUCH01
_h1327
650 1 4 _aMadera
_xPreservación.
_969619
901 _aBK
942 _cFOLL
949 _aFolleto 6980
_bBC
_cFOLL
_d-120531
_eTS1
_i54704
_mD
_si
999 _c49582
_d49582